Inovácia vozíka na prevoz rúr pre zlepšenie materiálového toku vo firme Schweisser Team s.r.o

Saved in:
Bibliographic Details
Main Author: Bielik, Matúš (Author)
Other Authors: Matúšová, Miriam (Thesis advisor)
Format: Manuscript Book
Language:Slovak
Published: 2025
Subjects:
Online Access:http://is.stuba.sk/zp/portal_zp.pl?podrobnosti=183469
Tags: Add Tag
No Tags, Be the first to tag this record!

MARC

LEADER 00000ntm a22000003a 4500
001 stuzp103833
003 SK-STU
005 20250628210926.9
007 ta
008 150427s2015----xo-----f-mn---000-0-slo-d
040 |a STU  |b slo 
041 0 |a slo 
100 1 |a Bielik, Matúš  |u 063000  |4 aut  |U MTF Materiálovotechnologická fakulta  |T MTF Ústav výrobných technológií  |X 111795  |U M3000  |Y 83  |7 111795 
242 0 1 |a Innovation of a pipe transport trolley to improve material flow in the company Schweisser Team s.r.o  |y eng 
245 1 0 |a Inovácia vozíka na prevoz rúr pre zlepšenie materiálového toku vo firme Schweisser Team s.r.o 
260 |c 2025 
650 4 |a materiálový tok  |2 slo 
650 4 |a transportný vozík  |2 slo 
650 4 |a zostavný výkres  |2 slo 
650 4 |a material flow  |2 eng 
650 4 |a transport trolley  |2 eng 
650 4 |a assembly drawing  |2 eng 
700 1 |a Matúšová, Miriam  |u 063800  |k Z1  |4 ths  |U MTF Ústav výrobných technológií  |T MTF Katedra výrobných zariadení a systémov  |X 4309  |U M3800  |Y 660  |7 A000004309 
856 4 |u http://is.stuba.sk/zp/portal_zp.pl?podrobnosti=183469 
996 |c M* BP-9883  |l MMSKP  |s P  |a 0  |w stuzp103833_0001